Quarterly national accounts

Na minha lista:
Detalhes bibliográficos
Formato: Periódico
Idioma:inglês
Publicado em: Paris OECD 2008
Assuntos:
Tags: Adicionar Tag
Sem tags, seja o primeiro a adicionar uma tag!

MARC

LEADER 00000nas2a2200000 4500
001 0147988
005 20120215124250.8
022 |a 0257-7801 
041 0 |a eng 
044 |a FR 
245 1 0 |a Quarterly national accounts 
264 1 |a Paris  |b OECD  |c 2008 
500 |a Chýba č. 2. 
773 0 |w eu_un_cat*s124348 
610 2 0 |a štatistika medzinárodná 
610 2 0 |a účty národné 
610 2 0 |a OECD 
610 2 0 |a OECD publikácie